| 000 | 00473nam a22001697a 4500 | ||
|---|---|---|---|
| 003 | OSt | ||
| 005 | 20220914215647.0 | ||
| 008 | 220914b |||||||| |||| 00| 0 eng d | ||
| 020 | _a2.908964.50.3 | ||
| 040 | _cBiblioteca Lado V | ||
| 082 |
_a750 _bP627b |
||
| 100 | _aPiffaretti, Bernard | ||
| 245 | _aBernard Piffaretti/ | ||
| 260 |
_aFrancia _bEditions Villa Saint Clair Sete _c2006 |
||
| 300 |
_a182p. _c22x30cm |
||
| 942 |
_2ddc _c1 _h750 _iP627b _n0 |
||
| 999 |
_c2022 _d2022 |
||